Statistics for Countries That End in S

Click here to take the quiz!

General Stats

  • This quiz has been taken 137 times
  • The average score is 12 of 18

Answer Stats

HintAnswer% Correct
North AmericaBahamas
87%
AsiaLaos
83%
OceaniaMarshall Islands
79%
North AmericaSt Kitts and Nevis
79%
OceaniaSolomon Islands
77%
North AmericaHonduras
73%
AsiaMaldives
72%
North AmericaBarbados
71%
North AmericaSt Vincent and the Grenadines
69%
AfricaSeychelles
68%
AfricaComoros
67%
EuropeBelarus
65%
EuropeNetherlands
62%
AsiaPhilippines
61%
AsiaUnited Arab Emirates
61%
AfricaMauritius
57%
AsiaCyprus
55%
North AmericaUnited States
54%

Score Distribution

Percentile by Number Answered

Percent of People with Each Score

Your Score History

You have not taken this quiz